| 000 | 00569nam a22002177a 4500 | ||
|---|---|---|---|
| 005 | 20170124110243.0 | ||
| 010 | _a934939 | ||
| 020 | _c00.00 | ||
| 035 | _a934939 | ||
| 037 | _bCen Lib/Ret | ||
| 040 |
_aDPL _bEN |
||
| 082 |
_a646.2 _bREA |
||
| 245 | _aReaders digest complete guide to sewing / | ||
| 260 |
_aNew York _bThe Readers Digest Association |
||
| 270 | _bNew York | ||
| 300 |
_a528p. : _c21cm(Hb) _bill. |
||
| 500 | _aincludes index | ||
| 650 |
_aDressmaking _918415 |
||
| 650 |
_aSweing _996098 |
||
| 942 |
_2ddc _cEN _h646.2 _mREA |
||
| 999 |
_c135310 _d135310 |
||